[Event "SVK-chT1E 2122"]
[Site "Slovakia"]
[Date "2022.03.20"]
[Round "7.4"]
[White "Harvan, Richard"]
[Black "Kacir, Tomas1111"]
[Result "1-0"]
[WhiteElo "2110"]
[BlackElo "1727"]
[PlyCount "67"]
[EventDate "2022.01.29"]
[EventType "team-tourn"]
[EventRounds "11"]
[EventCountry "SVK"]
[SourceTitle "EXT 2023"]
[Source "ChessBase"]
[SourceDate "2022.10.05"]
[SourceVersion "1"]
[SourceVersionDate "2022.10.05"]
[SourceQuality "1"]
[WhiteTeam "Humenne Reinter II"]
[BlackTeam "Sabinov"]
[WhiteTeamCountry "SVK"]
[BlackTeamCountry "SVK"]

1. c4 e5 2. Nc3 Nf6 3. g3 Nc6 4. Bg2 Bc5 5. e3 a6 6. Nge2 d6 7. 0-0 Rb8 8. a3 0-0 9. b4 Bb6 10. Bb2 Bf5 11. d3 Qd7 12. Qd2 Bh3 13. Nd5 Nxd5 14. cxd5 Ne7 15. e4 c6 16. dxc6 bxc6 17. Kh1 Bxg2+ 18. Kxg2 Qe6 19. f4 f5 20. Qc3 fxe4 21. dxe4 Qg4 22. Rae1 exf4 23. Nxf4 Rf7 24. h3 Qd7 25. Nh5 Ng6 26. Qxg7+ Rxg7 27. Nf6+ Kh8 28. Nxd7 Rb7 29. Bxg7+ Kxg7 30. Nf6 Re7 31. Nh5+ Kg8 32. Rf6 d5 33. Rxc6 dxe4 34. Rxe4 1-0

[Event "SVK-chT 1920"]
[Site "Slovakia"]
[Date "2019.11.24"]
[Round "4.1"]
[White "Harvan, Richard"]
[Black "Magat, Jozef"]
[Result "1/2-1/2"]
[WhiteElo "2098"]
[BlackElo "2105"]
[PlyCount "35"]
[EventDate "2019.10.19"]
[EventType "team-tourn"]
[EventRounds "11"]
[EventCountry "SVK"]
[SourceTitle "CBM 193 Extra"]
[Source "ChessBase"]
[SourceDate "2020.01.31"]
[SourceVersion "1"]
[SourceVersionDate "2020.01.31"]
[SourceQuality "1"]
[WhiteTeam "Humenne Reinter"]
[BlackTeam "Dunajov Inbest"]
[WhiteTeamCountry "SVK"]
[BlackTeamCountry "SVK"]

1. e4 e6 2. c4 d5 3. cxd5 exd5 4. exd5 Nf6 5. Nc3 Nxd5 6. Bc4 Nxc3 7. bxc3 Bd6 8. Qe2+ Qe7 9. Qxe7+ Bxe7 10. Nf3 0-0 11. 0-0 Bd6 12. Re1 Nc6 13. d4 Bd7 14. Bd3 Rae8 15. Be3 b6 16. Ng5 h6 17. Nf3 f5 18. Bd2 1/2-1/2

[Event "SVK-chT2D 1718"]
[Site "Slovakia"]
[Date "2018.01.13"]
[Round "5.2"]
[White "Varga, Lukas"]
[Black "Harvan, Richard"]
[Result "0-1"]
[WhiteElo "2103"]
[BlackElo "2075"]
[PlyCount "52"]
[EventDate "2017.10.28"]
[EventType "team-tourn"]
[EventRounds "11"]
[EventCountry "SVK"]
[SourceTitle "EXT 2019"]
[Source "ChessBase"]
[SourceDate "2018.10.10"]
[SourceVersion "1"]
[SourceVersionDate "2018.10.10"]
[SourceQuality "1"]
[WhiteTeam "Kosice Slavia UPJS III"]
[BlackTeam "Kosice Slavia TU IV"]
[WhiteTeamCountry "SVK"]
[BlackTeamCountry "SVK"]

1. e4 e6 2. d4 d5 3. Nc3 Nf6 4. Bg5 Bb4 5. Nge2 Nbd7 6. a3 Bxc3+ 7. Nxc3 h6 8. Bxf6 Nxf6 9. Bd3 0-0 10. e5 Nd7 11. Ne2 c5 12. c3 f6 13. Nf4 Qb6 14. Qc2 f5 15. Be2 cxd4 16. cxd4 Nb8 17. Rd1 Nc6 18. Qd2 Bd7 19. h4 Rac8 20. Rh3 Na5 21. Rg3 Be8 22. Nh5 Bxh5 23. Qxh6 Rc7 24. Bxh5 Qxb2 25. Qxe6+ Kh7 26. Bf3 Rc1 0-1

[Event "SVK-chT2D 1718"]
[Site "Slovakia"]
[Date "2017.11.26"]
[Round "4.2"]
[White "Pcola, Jaroslav1111"]
[Black "Harvan, Richard"]
[Result "1/2-1/2"]
[WhiteElo "2100"]
[BlackElo "2075"]
[PlyCount "23"]
[EventDate "2017.10.28"]
[EventType "team-tourn"]
[EventRounds "11"]
[EventCountry "SVK"]
[SourceTitle "EXT 2019"]
[Source "ChessBase"]
[SourceDate "2018.10.10"]
[SourceVersion "1"]
[SourceVersionDate "2018.10.10"]
[SourceQuality "1"]
[WhiteTeam "Humenne Reinter"]
[BlackTeam "Kosice Slavia TU IV"]
[WhiteTeamCountry "SVK"]
[BlackTeamCountry "SVK"]

1. Nf3 c5 2. c4 g6 3. e4 Bg7 4. d4 cxd4 5. Nxd4 Nc6 6. Be3 Nf6 7. Nc3 Ng4 8. Qxg4 Nxd4 9. Qd1 Ne6 10. Rc1 0-0 11. Be2 d6 12. Qd2 1/2-1/2

[Event "SVK-chT 1617"]
[Site "Slovakia"]
[Date "2017.03.25"]
[Round "10.2"]
[White "Harvan, Richard"]
[Black "Petran, Peter"]
[Result "0-1"]
[WhiteElo "2086"]
[BlackElo "2306"]
[PlyCount "132"]
[EventDate "2016.10.22"]
[EventType "team-tourn"]
[EventRounds "11"]
[EventCountry "SVK"]
[SourceTitle "CBM 177 Extra"]
[Source "ChessBase"]
[SourceDate "2017.04.27"]
[SourceVersion "1"]
[SourceVersionDate "2017.04.27"]
[SourceQuality "1"]
[WhiteTeam "Kosice Slavia UPJS"]
[BlackTeam "Bratislava Slovan"]
[WhiteTeamCountry "SVK"]
[BlackTeamCountry "SVK"]

1. e4 g6 2. d4 Bg7 3. g3 c5 4. Ne2 cxd4 5. Nxd4 Nc6 6. Ne2 d6 7. Bg2 Nf6 8. Nbc3 0-0 9. 0-0 Bd7 10. Nf4 Ne5 11. Ncd5 Bc6 12. Re1 Rc8 13. Rb1 b5 14. c3 a6 15. Nd3 Nxd3 16. Qxd3 Nd7 17. Qe2 e6 18. Nb4 Bb7 19. Bf4 Ne5 20. Bxe5 Bxe5 21. h4 Qb6 22. Kh2 Bg7 23. f4 Rfd8 24. f5 Re8 25. fxg6 hxg6 26. Nd3 Qd8 27. Nf4 Rc5 28. Qg4 Bc8 29. Nd3 Rh5 30. Rf1 Rf8 31. Rf2 a5 32. Qf3 e5 33. Bh3 Bb7 34. Bg4 Rh7 35. Qe2 Qe7 36. Rbf1 d5 37. exd5 Bxd5 38. Bh3 Bxa2 39. Ra1 Bc4 40. Qe3 Qd6 41. Ne1 Bh6 42. Qf3 f5 43. Rd1 Qf6 44. Bf1 Bb3 45. Nc2 e4 46. Qe2 f4 47. Kh1 Qe7 48. Qxb5 Bxc2 49. Rxc2 fxg3 50. Qd5+ Kh8 51. Bh3 Qxh4 52. Qe6 Bg7 53. Kg2 Qf4 54. Re1 Qf3+ 55. Kg1 Rh4 56. Rce2 Qh5 57. Bg2 Qc5+ 58. Re3 Rf3 59. b4 axb4 60. Qe8+ Kh7 61. Qd8 Rxe3 62. Qxh4+ Bh6 63. Rf1 Re1+ 64. Kh1 Rxf1+ 65. Bxf1 bxc3 66. Qg4 Qh5+ 0-1

[Event "SVK-chT 1516"]
[Site "Slovakia"]
[Date "2016.02.28"]
[Round "8.1"]
[White "Harvan, Richard"]
[Black "Franzen, Jozef"]
[Result "1/2-1/2"]
[WhiteElo "2186"]
[BlackElo "2297"]
[PlyCount "107"]
[EventDate "2015.10.10"]
[EventType "team-tourn"]
[EventRounds "11"]
[EventCountry "SVK"]
[SourceTitle "EXT 2017"]
[Source "ChessBase"]
[SourceDate "2016.10.25"]
[SourceVersion "1"]
[SourceVersionDate "2016.10.25"]
[SourceQuality "1"]
[WhiteTeam "Kosice Slavia"]
[BlackTeam "Bratislava Slovan"]
[WhiteTeamCountry "SVK"]
[BlackTeamCountry "SVK"]

1. e4 g6 2. d4 Bg7 3. Be3 d6 4. Nc3 a6 5. h4 h5 6. Qd2 b5 7. Bd3 Nf6 8. f3 Nbd7 9. a4 b4 10. Nce2 Rb8 11. Nh3 0-0 12. Bh6 c5 13. Bxg7 Kxg7 14. Nf2 cxd4 15. Nxd4 Qb6 16. Nb3 Ne5 17. a5 Qa7 18. Ra4 Qb7 19. Qe2 Qc6 20. Ra1 Bb7 21. 0-0 Rfc8 22. Rfc1 Rc7 23. Nd4 Qc5 24. Nb3 Qa7 25. Kh2 Bc8 26. Nd2 Nxd3 27. Nxd3 Bd7 28. Nf1 Bb5 29. Qe3 Qb7 30. Ng3 Bxd3 31. cxd3 Nd7 32. Qg5 Kf8 33. d4 Rbc8 34. Qd2 Qb5 35. Rxc7 Rxc7 36. Rc1 Qxa5 37. Rxc7 Qxc7 38. Qxb4 Nf6 39. Qa4 Qc1 40. Ne2 Qxb2 41. Qxa6 Qd2 42. Qb5 Qe1 43. Ng3 Qd2 44. e5 Qxd4 45. exf6 Qxh4+ 46. Kg1 Qxf6 47. Ne4 Qd4+ 48. Kf1 d5 49. Nc5 Kg7 50. Nd7 Qd1+ 51. Kf2 Qd2+ 52. Kf1 Qd1+ 53. Kf2 Qd2+ 54. Kf1 1/2-1/2

[Event "SVK-chT1E 1516"]
[Site "Slovakia"]
[Date "2016.02.20"]
[Round "8.6"]
[White "Haring, Filip"]
[Black "Harvan, Richard"]
[Result "1-0"]
[WhiteElo "2091"]
[BlackElo "2029"]
[PlyCount "105"]
[EventDate "2015.10.24"]
[EventType "team-tourn"]
[EventRounds "11"]
[EventCountry "SVK"]
[SourceTitle "EXT 2017"]
[Source "ChessBase"]
[SourceDate "2016.10.25"]
[SourceVersion "1"]
[SourceVersionDate "2016.10.25"]
[SourceQuality "1"]
[WhiteTeam "Banska Bystrica Junior"]
[BlackTeam "Kosice Slavia"]
[WhiteTeamCountry "SVK"]
[BlackTeamCountry "SVK"]

1. e4 e6 2. d3 d5 3. Nd2 Nf6 4. Ngf3 b6 5. e5 Nfd7 6. g3 c5 7. Bg2 Nc6 8. Qe2 Qc7 9. 0-0 Bb7 10. Re1 0-0-0 11. c3 h6 12. a3 g5 13. h3 Bg7 14. d4 Rhe8 15. b4 f6 16. bxc5 bxc5 17. exf6 Bxf6 18. Qd3 Qd6 19. Rb1 c4 20. Qc2 e5 21. dxe5 Ncxe5 22. Nd4 Nd3 23. Rxe8 Rxe8 24. Nxc4 Re1+ 25. Kh2 dxc4 26. Bxb7+ Kd8 27. Be3 N7e5 28. Rxe1 Nxe1 29. Qf5 Nd7 30. Ne6+ Ke7 31. Nc5 Ne5 32. Ne4 N1f3+ 33. Kg2 Ne1+ 34. Kh1 Qe6 35. Bc5+ Kf7 36. Nd6+ Ke7 37. Nxc4+ Kf7 38. Nd6+ Ke7 39. Ne4+ Kf7 40. Nd6+ Ke7 41. Qh7+ Kd8 42. Qxh6 Nd7 43. Bb4 Kc7 44. c4 a5 45. Bd5 Qe2 46. Nb5+ Kb6 47. Bxe1 Qxe1+ 48. Kg2 Qe5 49. Qh7 Be7 50. Qg8 Nf6 51. Qa8 Nxd5 52. Qa7+ Kc6 53. Nd4+ 1-0

[Event "SVK-chT2D 1516"]
[Site "Slovakia"]
[Date "2016.02.14"]
[Round "9.1"]
[White "Istona, Martin"]
[Black "Harvan, Richard"]
[Result "1/2-1/2"]
[WhiteElo "2166"]
[BlackElo "2029"]
[PlyCount "36"]
[EventDate "2015.10.17"]
[EventType "team-tourn"]
[EventRounds "11"]
[EventCountry "SVK"]
[SourceTitle "EXT 2017"]
[Source "ChessBase"]
[SourceDate "2016.10.25"]
[SourceVersion "1"]
[SourceVersionDate "2016.10.25"]
[SourceQuality "1"]
[WhiteTeam "Sabinov II"]
[BlackTeam "Kosice Slavia IV"]
[WhiteTeamCountry "SVK"]
[BlackTeamCountry "SVK"]

1. e4 e6 2. d4 d5 3. Nc3 Nf6 4. e5 Nfd7 5. f4 c5 6. Nf3 Nc6 7. Be3 a6 8. Qd2 b5 9. dxc5 Bxc5 10. Bd3 Qb6 11. Bf2 Bxf2+ 12. Qxf2 Qxf2+ 13. Kxf2 Nc5 14. Ke3 f6 15. exf6 gxf6 16. a3 Bb7 17. b4 Nd7 18. Rhe1 Nb6 1/2-1/2

[Event "SVK-chT2D 1516"]
[Site "Slovakia"]
[Date "2015.12.06"]
[Round "6.1"]
[White "Harvan, Richard"]
[Black "Kusiak, Matej"]
[Result "0-1"]
[WhiteElo "2055"]
[BlackElo "2241"]
[PlyCount "120"]
[EventDate "2015.10.17"]
[EventType "team-tourn"]
[EventRounds "11"]
[EventCountry "SVK"]
[SourceTitle "CBM 170 Extra"]
[Source "ChessBase"]
[SourceDate "2016.02.25"]
[SourceVersion "1"]
[SourceVersionDate "2016.02.25"]
[SourceQuality "1"]
[WhiteTeam "Kosice Slavia IV"]
[BlackTeam "Kosice 1 CC"]
[WhiteTeamCountry "SVK"]
[BlackTeamCountry "SVK"]

1. e4 c5 2. Nf3 Nc6 3. Nc3 e6 4. d4 cxd4 5. Nxd4 Qc7 6. g3 a6 7. Bg2 d6 8. 0-0 Be7 9. Re1 Bd7 10. Nxc6 Bxc6 11. Qg4 Nf6 12. Qxg7 Rg8 13. Qh6 0-0-0 14. Qe3 h5 15. Nd5 exd5 16. exd5 Bd7 17. Qa7 Rde8 18. Re3 Bd8 19. a4 Rxe3 20. Bxe3 Qb8 21. Qd4 Ng4 22. Bf4 Bf6 23. Qb4 Ne5 24. Ra3 Kd8 25. c4 Qc7 26. Rc3 a5 27. Qb3 Qc5 28. Qxb7 Ke7 29. Qb3 Ng4 30. Rc2 Bd4 31. Re2+ Kf6 32. Qf3 Kg7 33. h3 Nf6 34. b3 Re8 35. Rxe8 Bxe8 36. g4 hxg4 37. hxg4 Bd7 38. Bh3 Ne8 39. Qg3 Kg8 40. Kg2 Bf6 41. Kg1 Bd4 42. Bg2 Qb4 43. Bf1 Qe1 44. Kg2 Nf6 45. f3 Qxg3+ 46. Bxg3 Bc5 47. Bd3 Kf8 48. Bh4 Ne8 49. Kg3 Bb4 50. Bd8 Ng7 51. Bf6 Ne8 52. Bd8 f6 53. Bg6 Bc3 54. Bb6 Ke7 55. f4 Ng7 56. c5 dxc5 57. Bxc5+ Kd8 58. Bf8 Ne8 59. Be4 Nc7 60. Bd6 Be8 0-1

[Event "SVK-ch U18"]
[Site "Tatralandia"]
[Date "2015.04.24"]
[Round "8"]
[White "Harvan, Richard"]
[Black "Holtman, Teodor"]
[Result "1-0"]
[WhiteElo "2094"]
[BlackElo "2111"]
[PlyCount "99"]
[EventDate "2015.04.18"]
[EventType "swiss"]
[EventRounds "9"]
[EventCountry "SVK"]
[SourceTitle "CBM 166 Extra"]
[Source "ChessBase"]
[SourceDate "2015.06.18"]
[SourceVersion "1"]
[SourceVersionDate "2015.06.18"]
[SourceQuality "1"]

1. e4 c5 2. Nf3 a6 3. c3 e6 4. d4 d5 5. e5 Nc6 6. Be2 Qb6 7. 0-0 cxd4 8. cxd4 Nge7 9. Nc3 Nf5 10. Na4 Qc7 11. Be3 b5 12. Nc3 Bb7 13. Bd3 g6 14. Rc1 Qb6 15. Bxf5 gxf5 16. Bg5 Be7 17. Bxe7 Kxe7 18. Qd2 Rag8 19. h3 Kd7 20. Ne2 Rg7 21. Rfd1 Qd8 22. Nf4 Kc8 23. Rc5 Kb8 24. Rdc1 Qb6 25. Nh5 Rg6 26. Nh4 Rgg8 27. Nf6 Rd8 28. Nf3 h6 29. a3 Ka7 30. b4 Rc8 31. Qe3 Ka8 32. Ne1 Ka7 33. Nd3 Ka8 34. Nf4 Qc7 35. R1c3 Qd8 36. Ne2 Qb6 37. Nc1 Ne7 38. Nd7 Qd8 39. Nf6 Rxc5 40. Rxc5 Qb6 41. Nb3 Nc6 42. Qc3 Rc8 43. Na5 Ne7 44. Rxc8+ Bxc8 45. Ng8 Nxg8 46. Qxc8+ Qb8 47. Qxa6+ Qa7 48. Qc6+ Kb8 49. Qe8+ Kc7 50. Qxf7+ 1-0